Quizzes
Events
Quiz Creation
Community
Videos
Private Events
Remove Ads
Sign In
Join for FREE
Feedback
Dark Mode
Quiz Categories
Sports
Geography
Music
Movies
Television
Just For Fun
Miscellaneous
History
Literature
Language
Science
Gaming
Entertainment
Religion
Holiday
For Kids
Quiz Lab
Recent
Popular Today
Quiz Kudos Today
Editor Picks
Curator Picks
Quizzes by...
Day
Popularity
Type
Ratings
Length
Year
Community
Subscriptions
Recent Discussions
Orange Saloon
Badges
Playlists
Quests
Create
Leaderboards
Showdown
Live 5
Trivia Bingo
Activity
Puzzle Library
Sporcle Events
Private Events
Virtual Trivia
Globe League
Become a Host
Pub Owners
SporcleCon
Opinionation
Our Games
Videos
Blog
Mobile Apps
Partnerships
Remove Ads and Go Orange
Feedback
Gaming
Video Games
Board Games
Card Games
Pokémon
Mario
Nintendo
Minecraft
Console
Toys
Legend of Zelda
Gaming
Video Games
Board Games
Card Games
Pokémon
Mario
Nintendo
Minecraft
Console
Toys
Legend of Zelda
Random Quiz
Search Sporcle
×
Quiz Lab
Quiz Lab
Gaming
Modern
Type in answers that appear in a list
Type in answers that appear in a list
Classic
Best Score? Go Orange.
The weapons & vehicles from modern warfare 1, 2 & 3 Stats
Can you name the The weapons, vehicles & equipment from modern warfare 1, 2 & 3?
By
KaaBooM
20m
266 Questions
35 Plays
35 Plays
35 Plays
Comments
Comments
Give Quiz Kudos
Give Quiz Kudos
-
- Ratings
hide this ad
More Info
Replay
Link that replays current quiz
Next Quiz
Link to next quiz in quiz playlist
You Got
0%
They Got
Avg Score
9%
Avg Friend Score
Upgrade to see
Score Distribution
Jump to the score distribution portion of the page
Score
0/266
Timer
20:00
0
Plays Today
weapons, vehicles &equipment
% Correct
AK47
62.9%
M4A1
60%
ACR
51.4%
M16A4
48.6%
SCAR-H
45.7%
Desert eagle
42.9%
SCAR-L
42.9%
Claymore
40%
Claymore
40%
G3
37.1%
MP5
37.1%
USP.45
37.1%
USP.45
37.1%
flashbang
34.3%
Frag grenade
34.3%
FAMAS
34.3%
M9
31.4%
FAL
31.4%
semtex
31.4%
M9
31.4%
Barrett 50.cal
28.6%
C4
28.6%
M14
28.6%
P90
28.6%
P90
28.6%
Intervention
28.6%
C4
28.6%
stinger
25.7%
RPG
25.7%
F2000
25.7%
Model 1887
25.7%
G36C
22.9%
smoke grenade
22.9%
M1014
22.9%
RPD
22.9%
AC-130
22.9%
UMP45
22.9%
throwing knife
22.9%
MP5K
20%
JAVELIN
20%
Humvee
20%
Vector
20%
MP7
20%
M1 Abrams
20%
AA-12
20%
AK74u
17.1%
M21
17.1%
R700
17.1%
Red dot sight
17.1%
UAV
17.1%
M240
17.1%
WA2000
17.1%
44 Magnum
17.1%
PP2000
17.1%
range
17.1%
G18
17.1%
Dragunov
14.3%
concussion grenade
14.3%
M249 SAW
14.3%
Mini-uzi
14.3%
Black hawk
14.3%
Counter UAV
14.3%
Nuke
14.3%
TAR-21
14.3%
MG4
14.3%
Riot shield
14.3%
Dragunov
14.3%
TMP
14.3%
thumper
14.3%
AT4
11.4%
ACOG scope
11.4%
Holographic sight
11.4%
M60E4
11.4%
W1200
11.4%
Pave low
11.4%
Chopper gunner
11.4%
cobra
11.4%
tactical
11.4%
MSR
11.4%
CM901
11.4%
ACR 6.8
11.4%
Mk14
11.4%
FAD
11.4%
Five seven
11.4%
RPG-7
11.4%
EMP
11.4%
sentry gun
11.4%
9 bang
11.4%
Juggernaut
11.4%
weapons, vehicles &equipment
% Correct
ranger
11.4%
AT4
11.4%
minigun
8.6%
Skorpion
8.6%
SMAW
8.6%
FMJ
8.6%
thermal scope
8.6%
Care package
8.6%
stealth bomber
8.6%
Hind
8.6%
apache
8.6%
MOAB
8.6%
predator missile
8.6%
AUG HBAR
8.6%
tactical insertion
8.6%
MG36
8.6%
XM25
8.6%
kick
8.6%
attachments
8.6%
sleight of hand
8.6%
martydom
8.6%
Melee
8.6%
Dead man's hand
5.7%
M1911
5.7%
M203
5.7%
M40A3
5.7%
Suppressor
5.7%
M203
5.7%
Predator drone
5.7%
osprey gunner
5.7%
L86 LSW
5.7%
RSASS
5.7%
PP90M1
5.7%
PM-9
5.7%
USAS-12
5.7%
KSG-12
5.7%
PKP Pecheneg
5.7%
Mk46
5.7%
FMG9
5.7%
P99
5.7%
M320 GLM
5.7%
T-90
5.7%
damage
5.7%
breath
5.7%
Focus
5.7%
dead silence
5.7%
scavenger
5.7%
bouncing betty
5.7%
Advanced UAV
5.7%
final stand
5.7%
Bradley
5.7%
commando
5.7%
cold-blooded
5.7%
Stability
5.7%
speed
5.7%
GP-25
2.9%
grip
2.9%
knife
2.9%
Heartbeat sensor
2.9%
M1A2 Abrams
2.9%
Reaper drone
2.9%
Recon drone
2.9%
SAM turret
2.9%
Havoc
2.9%
escort airdrop
2.9%
strafe run
2.9%
attack chopper
2.9%
Akimbo
2.9%
M21 EBR
2.9%
Blast shield
2.9%
L118A
2.9%
TYPE45
2.9%
MP412
2.9%
Leopard 2
2.9%
BTR
2.9%
T-72
2.9%
nimtz supercarrier
2.9%
chinook
2.9%
Ballistic vests
2.9%
extreme conditioning
2.9%
zodiak
2.9%
APC
2.9%
EMP grenade
2.9%
Recon
2.9%
Blind eye
2.9%
Quickdraw
2.9%
Blast shield
2.9%
Hardline
2.9%
Juiced
2.9%
weapons, vehicles &equipment
% Correct
hollow points
2.9%
revenge
2.9%
last stand
2.9%
UAZ
2.9%
MiG
2.9%
one man army
2.9%
scrambler
2.9%
harrier
2.9%
stopping power
2.9%
painkiller
2.9%
copy cat
2.9%
C4 x2
2.9%
Claymore x2
2.9%
RPG x2
2.9%
Bandolier
2.9%
Super cobra
2.9%
UAV jammer
2.9%
LCAC
2.9%
B52
2.9%
eagle
2.9%
Jeep wrangler
2.9%
AG36
0%
AW-50
0%
Mk 19
0%
Extended magazines
0%
underattacheted shotgun
0%
A-10 warthog
0%
emergency airdrop
0%
Hybrid scope
0%
HAMIR scope
0%
A6 overwatch
0%
A6 little bird
0%
Carpet bomb
0%
Rapid fire
0%
SUSAT
0%
MARS scope
0%
Swaroski scope
0%
M93 Rafflica
0%
A050
0%
Undermounted M320
0%
Oskar-2 submarine
0%
TOMAHAWK Missile
0%
bling
0%
UGV
0%
variable scope
0%
M2 Browning machine gun
0%
thermite
0%
DsFK
0%
M2 Mortar
0%
portable rader
0%
Trophey system
0%
Jammer
0%
marksman
0%
Overkill
0%
Assassin
0%
I.M.S.
0%
Airdrop trap
0%
Remote sentry
0%
Juggernaut recon
0%
marathon
0%
lightweight
0%
Osa-2 missile
0%
danger close
0%
steady aim
0%
sit rep
0%
harrier strike
0%
Frag x3
0%
Bomb squad
0%
Juggernaut (perk)
0%
double tap
0%
Sonic boom
0%
Deep impact
0%
iron lungs
0%
Eavesdrop
0%
Halo
0%
Hip
0%
Sentinal
0%
300PU
0%
AN-124
0%
Thunderbolt
0%
Hercules
0%
slave cruiser
0%
Areleigh burke destroyer
0%
msta
0%
GAZ
0%
Technical
0%
Variable scope
0%
hovercraft
0%
Quiz Playlist
Details
Report
Send in Message
Add To Playlist
More Info:
Sorry about the spellings in this game i was trying to get them down quickley
Classic:
Type in answers that appear in a list
Last Updated: Feb 16, 2017
Quiz Scoreboard
CHALLENGE
Sign Up to Join the Scoreboard
Show All
Scores
Hide
Comments
May contain spoilers
Recently Published
Presidents Visiting Landmarks
by Hejman
History
7m
An Introduction to Baseball
by treessimontrees
Sports
5m
Movies - When Are They Set?
by FPL_Elf
Movies
5m
More to Explore
Quiz From the Vault
Featured Blog Post
Where Did the Easter Bunny Come From?
hide this ad
You Might Also Like...
Tags
Equipment
Modern
Vehicles
Weapons
Today's Top Quizzes in Gaming
Browse Gaming
hide this ad
Today's Top Quizzes in Modern
Browse Modern
Top Contributed Quizzes in Gaming
1
5-to-1: Consoles
2
7-to-1: Board Game Piece Blitz
3
5-to-1: Legend of Zelda
4
Destiny 2 exotic weapons by perk icons
5
Ultimate Genshin Impact Logic Puzzle (up to 4.3)
6
Franchise by Action Figure
7
Overwatch Logic Puzzle
8
Who's on the WWE 2K24 Cover?
9
Genshin Impact Logic Puzzle Quiz
10
Windmill: Pokémon
Explore More
Trending Topics
NBA
Crossword
Marvel
Disney
Kpop
Anime
Harry Potter
WWE
NFL
Pokémon
The Office
Song
Country
Puzzle
Soccer
hide this ad
More By:
KaaBooM
Quiz
Plays
Rating
Category
Featured
Created
Saints row 3 Stag vehicles
223
2.75
Gaming
Feb 6, 2012
famous ships
126
1.33
History
Feb 28, 2012
Halo weapons and vehicles
46
1.00
Gaming
Feb 6, 2012
The weapons & vehicles from modern warfare 1, 2 & 3
35
1.00
Gaming
Feb 22, 2012
Battlestations pacific
30
Gaming
Feb 8, 2012
Go to Creator's Profile
Score Distribution
Quiz Creator Spotlight
KaaBooM
Follow
Send a Message
Quizzes Created
-
Created Quiz Play Count
-
More By This Creator
Popular Quizzes Today
1
Find the US States - No Outlines Minefield
2
Find the Countries of Europe - No Outlines Minefield
3
The Countries of the World
4
Find the US States
5
Popular People in 1961
6
US States
7
Risky Map Clicking: Biggest States A-Z
8
Movies - When Are They Set?
More Gaming Quizzes
Click the Galarian Form Pokémon
Quiz Lab
Trending Quizzes
Risky Map Clicking: Least Populous States A-Z
1-10 Letter G Words
1-10 Letter F Words
Risky Map Clicking: Next State Alphabetically
Risky Map Clicking: Biggest States A-Z
Recently Updated
Leaping Animals
pecheneg
Reality TV Shows (A-Z)
bhenderson79
Rickey Henderson's Hall of Fame Teammates
pecheneg
Champions League XIs: Arsenal
pecheneg
Quick Pick: Celebrities in WWE's Hall of Fame
aduchscher
A-Z Keypad Blitz II
pecheneg
Multiple Oscar Actors
pecheneg
Mystery Phrase Blitz: Oscar 'Best Actors'
pecheneg
F. Scott Fitzgerald Novels
LTH
Pick 3 Villains
ddd62291
Trending Topics
Disney
Anime
Crossword
Kpop
NBA
Harry Potter
Marvel
WWE
NFL
Puzzle
Pokémon
The Office
Soccer
Country
Song
Your Account Isn't Verified!
In order to create a playlist on Sporcle, you need to verify the email address you used during registration. Go to your
Sporcle Settings
to finish the process.
Report this User
Report this user for behavior that violates our
Community Guidelines
.
Details:
Send Report
Go to the Sporcle.com Mobile Site →
Comments